Представление документа в формате RUSMARC

ПолеНазваниеЗначение
  Тип записи a
  Библиографический уровень a
001 Контрольный номер RU/CBS_UL/BASE/597256547
005 Дата корректировки 20250122214508.0
100 Данные общей обработки __
a Данные общей обработки 20181204d2018 ||| 0rusy0189 ca
101 Язык документа 0_
a Язык текста rus
102 Страна публикации __
a Страна публикации RU
105 Кодированные данные (монография) __
a Кодированные данные (монография) y###||||000|y
181 Поле кодированных данных: вид содержания _1
a Код вида содержания (ISBD) i#
b Код характеристики содержания (ISBD) #xxe##
d i
g x
h x
i e
2 Код системы (источник кода, отличный от ISBD) isbdcontent
182 Поле кодированных данных: тип средства _1
a Код типа средства (ISBD) n
2 Код системы (источник кода, отличный от ISBD) isbdmedia
200 Заглавие и сведения об ответственности 1_
a Заглавие Приходит дракон
b Общее обозначение материала Текст
e Сведения, относящиеся к заглавию [писатель претендующий на "Большую книгу" за роман "Люди черного дракона"]
f Первые сведения об ответственности А. Винокуров
w Текст (визуальный) : непосредственный
203 Вид содержания и тип средства __
a Вид содержания Текст
b Характеристика содержания визуальный
c Тип средства непосредственный
300 Общие примечания __
a Общие примечания Ограничения по возрасту - 16+
461 Уровень набора _0
1 2000
a Российская газета
463 Уровень физической единицы _0
1 001RU/CBS_UL/BASE/597255154
1 2000
a № 271 (3 дек.)
v С. 9
1 210
d 2018
600 Персоналии _0
a Персоналии (Фамилия) Винокуров
b Персоналии (Имя, инициалы) А.
606 Тематические рубрики 0_
a Основная рубрика Литературоведение - Россия - 21 в.
610 Ключевые слова 0_
a Ключевые слова российское литературоведение
610 Ключевые слова 0_
a Ключевые слова литературоведение
610 Ключевые слова 0_
a Ключевые слова современные писатели
610 Ключевые слова 0_
a Ключевые слова писатели
610 Ключевые слова 0_
a Ключевые слова литературные премии
610 Ключевые слова 0_
a Ключевые слова Большая книга (литературная премия)
610 Ключевые слова 0_
a Ключевые слова новые романы
686 Индексы других классификаций __
a Классификационный индекс 83.3(2Рос=Рус)6
2 Код системы ББК
700 Автор _1
a Фамилия Винокуров
b Имя (инициалы) А.
801 Источник записи _0
a Страна RU
b Организация МБУК ЦБС г. Ульяновска
c Дата составления 20181204
g Правила каталогизации RCR
801 Источник записи _1
a Страна RU
b Организация МБУК ЦБС г. Ульяновска
c Дата составления 20181204
g Правила каталогизации RCR
901 Тип документа __
t Тип документа f
w Контрольный № источника RU/CBS_UL/BASE/597255154
910 Корректоры записи __
a Корректор записи admin2
938 Служебная информация __
a Имя БД period